000 00275nam a22001217a 4500
008 230704b xxu||||| |||| 00| 0 eng d
082 _a362.1
_bWHO 1992
245 _aWorld Health Forum
260 _bWHO
_c1992
300 _a99p
440 _n1
_v13
_x02512432
942 _2ddc
_cBK
999 _c3774
_d3774